1889 1709 1317 1280 1123 1881 1928 1154 1213 1410 1305 1756 1645 1015 1329 1689 1558 1259 1979 1159 1530 1181 1342 1800 1308 1522 1546 1672 1747 1604 1721 1293 1691 1155 1092 1771 1353 1078 1287 1250 1087 1209 1049 1825 1568 1872 1721 1569 1718 1080 1037 1432 1803 1086 1389 1686 1107 1110 1777 1953 1364 1634 1990 1497 1927 1518 1428 1356 1460 1321 1779 1326 1902 1042 1372 1023 1820 1822 1861 1517 1896 1752 1984 1555 1550 1293 1884 1214 1056 1464 1251 1165 1144 1881 1305 1791 1431 1525 1651 BCNSPRNW ULIB Ver.6.0+V

เปลี่ยนเป็นภาษาไทย

Change to English
 แสดงรายละเอียดบรรณานุกรม
  กลับหน้าหลัก

Brief Record : Get Marc (ISO 2709) : E-mail record : QR code < ปิดหน้าต่าง
LEADER : 00000nam 2200000uu 4500
001    13399114733
003     ULIB
008    120508s2550||||th 000 0 tha d
099    ^aวจ.WY18^bอ525ผ
100 0  ^aอัญชลีพร วิสิทธิ์วงษ์
245 00 ^aประสบการณ์ของนักศึกษาจังหวัดชายแดนภาคใต้ในการเป็นนักศึกษาพยาบาลใหม่ หลักสูตรพยาบาลศาสตรบัณฑิต วิทยาลัยพยาบาลบรมราชชนนี ชัยนาท/^cอัญชลีพร วิสิทธิ์วงษ์
260    ^aชัยนาท :^bวิทยาลัยพยาบาลบรมราชชนนี ชัยนาท,^c2550
300    ^a110 หน้า :^bตาราง
500    ^aรายงานการวิจัย
650  7 ^aการจัดการเรียนการสอน^xวิจัย
710 1  ^aวิทยาลัยพยาบาลบรมราชชนนี ชัยนาท
945    ^p0^l0^i031736
995    ^aเกษร
999    ^aใช้งานได้ทุกระบบ
รายการนี้ยังไม่มีแท็ก
คุณยังไม่ได้ล็อกอิน คุณสามารถมีกิจกรรมร่วมกับเว็บไซต์ได้ แต่ต้องล็อกอินก่อน ::
  ล็อกอิน

รายการสื่อสารสนเทศ

ลำดับที่ ประเภท เลขเรียก/บาร์โค้ด สถานที่ สถานะ
1. วิทยาศาสตร์การแพทย์ และสุขภาพ
วิทยาศาสตร์การแพทย์ และสุขภาพ
วจ.WY18 อ525ผ  
  Barcode: 031736
ห้องสมุดวิทยาเขตสวรรค์ประชารักษ์
►วิจัย
บนชั้น

BibComment


ยังไม่เคยถูกคอมเมนท์

คอมเมนท์ทรัพยากรรายการนี้
  คอมเมนท์: ประสบการณ์ของนัก..


 Copyright 2026. Bcnsprnw @Library